000 00281nam a22001217a 4500
008 170714b xxu||||| |||| 00| 0 eng d
041 _aeng
080 _a101
100 _a24
101 _aFIL
245 _aA TREASURY OF THE WORLD'S GREAT SPEECHES
_cPETERSON, H
942 _2udc
_cBK
999 _c20816
_d20816